Cách tiếp cận mới về năng suất và việc ứng dụng vào Việt Nam

Cuốn sách đã nghiên cứu năng suất trên cơ sở cách tiếp cận mới, kinh nghiệm của một số nước về cách tiếp cận cũng như phương pháp đánh giá và đã đưa ra một số biện pháp tính năng suất nền kinh tế quốc dân và một số ngành kinh te...

وصف كامل

محفوظ في:
التفاصيل البيبلوغرافية
المؤلف الرئيسي: Nguyễn Đình Phan
التنسيق: كتاب
اللغة:Undetermined
منشور في: Hà Nội Chính trị Quốc gia 1998
الموضوعات:
الوسوم: إضافة وسم
لا توجد وسوم, كن أول من يضع وسما على هذه التسجيلة!
Thư viện lưu trữ: Trung tâm Học liệu Trường Đại học Cần Thơ
LEADER 00995nam a2200181Ia 4500
001 CTU_27464
008 210402s9999 xx 000 0 und d
082 |a 658.401 
082 |b Ph105 
100 |a Nguyễn Đình Phan 
245 0 |a Cách tiếp cận mới về năng suất và việc ứng dụng vào Việt Nam 
245 0 |c Nguyễn Đình Phan 
260 |a Hà Nội 
260 |b Chính trị Quốc gia 
260 |c 1998 
520 |a Cuốn sách đã nghiên cứu năng suất trên cơ sở cách tiếp cận mới, kinh nghiệm của một số nước về cách tiếp cận cũng như phương pháp đánh giá và đã đưa ra một số biện pháp tính năng suất nền kinh tế quốc dân và một số ngành kinh tế trong điều kiện Việt Nam. 
650 |a managerial economics 
980 |a Trung tâm Học liệu Trường Đại học Cần Thơ